История Ордена святаго Иоанна Иерусалимскаго. Ч.3 (Запись № 9677890)

Подробности
000 -МАРКЕР
контрольное поле 06193nam2a22005291 4500
001 - ИДЕНТИФИКАТОР ЗАПИСИ
контрольное поле RU\NLR\A1\12337
005 - ИДЕНТИФИКАТОР ВЕРСИИ
контрольное поле 20260608064347.0
035 ## - ДРУГИЕ СИСТЕМНЫЕ НОМЕРА
Идентификатор записи (NLR Aleph) 009674793
100 ## - ДАННЫЕ ОБЩЕЙ ОБРАБОТКИ
Данные общей обработки 19970903d1800 u y0rusy50 ca
101 1# - ЯЗЫК РЕСУРСА
Язык текста, звукозаписи и т.д. русский
Язык оригинала французский
102 ## - СТРАНА ПУБЛИКАЦИИ ИЛИ ПРОИЗВОДСТВА
Страна публикации Российская Федерация
135 ## - ПОЛЕ КОДИРОВАННЫХ ДАННЫХ: ЭЛЕКТРОННЫЕ РЕСУРСЫ
Кодированные данные для электронного ресурса crcn 024anaba
140 ## - ПОЛЕ КОДИРОВАННЫХ ДАННЫХ: СТАРОПЕЧАТНЫЕ ИЗДАНИЯ - ОБЩАЯ ИНФОРМАЦИЯ
Кодированные данные о старопечатном издании - Основные y y ga yaa0000
200 0# - ЗАГЛАВИЕ И СВЕДЕНИЯ ОБ ОТВЕТСТВЕННОСТИ
Основное заглавие Ч.3
210 ## - ПУБЛИКАЦИЯ, РАСПРОСТРАНЕНИЕ И ДР.
Дата издания, распространения и т.д. 1800
215 ## - ФИЗИЧЕСКАЯ ХАРАКТЕРИСТИКА
Специфическое обозначение материала и объем 358, [2] c.
316 ## - ПРИМЕЧАНИЯ ОБ ОСОБЕННОСТЯХ ЭКЗЕМПЛЯРА
Текст примечания Экз. РНБ (38.52.5.44(ч.3)) в цельнокожан. пер. Корешок гладкий, с блинтовым тиснением, кожан. наклейками цвета бордо с загл.: "История ордена Св. Иоанна Иерусалимск" и номером части: "3". На крышках пер. рамка из раст. узора золотым тиснением, позолота почти полностью утрачена. На нижней крышке пер. ярлык РНБ, закленный экслибрисом Рус. фонда ГПБ с шифром. Обрез крапчатый красный. Форзац и нахзац из мрамор. бумаги. При переплет. работах после форзаца и перед нахзацем приплетены листы. На листе после форзаца штамп Гос. книжного фонда. Корешок снизу надорван. Размер: 21,2х12,7х2,7 см
Организация и экземпляр, к которому относится поле NLR: 38.52.5.44(ч.3)
316 ## - ПРИМЕЧАНИЯ ОБ ОСОБЕННОСТЯХ ЭКЗЕМПЛЯРА
Текст примечания Экз. РНБ (18.19.6.20(ч.3)) в составном картон. пер., обтянутом темно-зеленой мрамор. бумагой, с темно-зелеными кож. корешком и уголками. Корешок гладкий, с золотым тиснением, золотого тиснения загл.: "История ордена Иерусалимск", и указанием части: "часть 3". Обрез крапчатый коричневый. На нижней крышке пер. экслибрис Рус. фонда ГПБ с шифром. На форзаце ярлык с шифром РНБ. На тит. л. круглый штамп ГПБ и рукоп. помета техн. характера. На с.33, 358 и с.[1] круглый штамп ГПБ
Организация и экземпляр, к которому относится поле NLR: 18.19.6.20(ч.3)
316 ## - ПРИМЕЧАНИЯ ОБ ОСОБЕННОСТЯХ ЭКЗЕМПЛЯРА
Текст примечания Экз. РНБ (РЗФ 18 в. 3/977 (ч.3)) в цельнокожаном корич. пер. Корешок гладкий, с золотым тиснением, с загл.: "История ордена Иоанна Иерусалимскаго", ниже - указание части: "часть III". Крышки пер. украшены рамками блинтового тиснения. На нижней крышке пер. экслибрис РЗФ ГПБ с шифром. При форзаце пометы техн. характера
Организация и экземпляр, к которому относится поле NLR: РЗФ 18 в. 3/977 (ч.3)
316 ## - ПРИМЕЧАНИЯ ОБ ОСОБЕННОСТЯХ ЭКЗЕМПЛЯРА
Текст примечания Экз. РНБ (РЗФ 18 в. 3/977 (ч.3)а) в цельнокожаном корич. пер. Кож. покрытие крышек повреждено. Корешок гладкий, с блинтовым тиснением, с двумя черными кожан. наклейками: верхняя с загл.: "История ордена святаго Иоан Иерусалимск", нижняя овальная с указанием части: "3". На нижней крышке пер. экслибрис РЗФ ГПБ с шифром. На тит. л. прямоугол. штамп "Гос. Публ. Б-ка Дублет", большой круглый штамп ГПБ и пометы техн. характера
Организация и экземпляр, к которому относится поле NLR: РЗФ 18 в. 3/977 (ч.3)а
317 ## - ПРИМЕЧАНИЯ О ПРОИСХОЖДЕНИИ ЭКЗЕМПЛЯРА
Текст примечания В экз. РНБ (38.52.5.44(ч.3)) на нахзаце шрифтовой ярлык "Антикварная книжная торговля В.И.Клочкова"
Организация и экземпляр, к которому относится поле NLR: 38.52.5.44(ч.3)
317 ## - ПРИМЕЧАНИЯ О ПРОИСХОЖДЕНИИ ЭКЗЕМПЛЯРА
Текст примечания В экз. РНБ (18.19.6.20(ч.3)) на обороте тит. л. рукоп. владельч. надпись: "Плющевскаго-Плющика"
Организация и экземпляр, к которому относится поле NLR: 18.19.6.20(ч.3)
317 ## - ПРИМЕЧАНИЯ О ПРОИСХОЖДЕНИИ ЭКЗЕМПЛЯРА
Текст примечания В экз. РНБ (РЗФ 18 в. 3/977 (ч.3)) на тит. л. штамп-экслибрис Главной библиотеки Института корпуса горных инженеров (Богомолов 6180)
Организация и экземпляр, к которому относится поле NLR: РЗФ 18 в. 3/977 (ч.3)
325 ## - ПРИМЕЧАНИЕ О КОПИИ
Текст примечания Копия доступна в Электрон. б-ке РНБ
461 #1 - УРОВЕНЬ НАБОРА
Встроенное поле 001RU\NLR\A1\12334
-- 2000#$aИстория Ордена святаго Иоанна Иерусалимскаго.$fНапечатана по высочайшему повелению.$vЧ.3
-- 700#1$aЛабзин$bА.Ф.$f1766-1825$gАлександр Федорович$4070
Системный номер (АБИС) связанной записи 9677880
Автор Лабзин, А. Ф. (1766-1825)
Место публикации В Санктпетербурге
Дата публикации 1799-1801
Первые сведения об ответственности Напечатана по высочайшему повелению
Имя издателя, распространителя и т.д. в Императорской типографии
Заглавие История Ордена святаго Иоанна Иерусалимскаго.
Номер тома Ч.3
702 #1 - ИМЯ ЛИЦА - ВТОРИЧНАЯ ОТВЕТСТВЕННОСТЬ
Код отношения Бывший владелец
Графика поля Кириллица
Материалы, к которым относится поле rus
Начальный элемент ввода Клочков
Часть имени, кроме начального элемента ввода В. И.
Даты ок.1861-1915
Расширение инициалов личного имени Василий Иванович
Идентификатор авторитетной/нормативной записи RU\NLR\AUTH\770172651
Системный номер авторитетной/нормативной записи 172600
702 #1 - ИМЯ ЛИЦА - ВТОРИЧНАЯ ОТВЕТСТВЕННОСТЬ
Начальный элемент ввода Плющевский-Плющик
Организация и экземпляр, к которому относится поле NLR: 18.19.6.20 (ч.3)
Код отношения Бывший владелец
801 #0 - ИСТОЧНИК ЗАПИСИ
Страна Российская Федерация
Организация NLR
Дата составления 19970903
852 ## - МЕСТОНАХОЖДЕНИЕ И ШИФР ХРАНЕНИЯ
Идентификатор организации NLR
Шифр хранения (Call Number) 18.19.6.20(ч.3)
852 ## - МЕСТОНАХОЖДЕНИЕ И ШИФР ХРАНЕНИЯ
Идентификатор организации NLR
Шифр хранения (Call Number) 38.52.5.44(ч.3)
852 ## - МЕСТОНАХОЖДЕНИЕ И ШИФР ХРАНЕНИЯ
Идентификатор организации NLR
Наименование фонда или коллекции (Sub-Location Identifier) РЗФ
Шифр хранения (Call Number) 18 в. 3/977 (ч.3)
852 ## - МЕСТОНАХОЖДЕНИЕ И ШИФР ХРАНЕНИЯ
Идентификатор организации NLR
Наименование фонда или коллекции (Sub-Location Identifier) РЗФ
Шифр хранения (Call Number) 18 в. 3/977 (ч.3)а
856 #0 - МЕСТОНАХОЖДЕНИЕ ЭЛЕКТРОННЫХ РЕСУРОВ И ДОСТУП К НИМ
Универсальный идентификатор ресурса (Uniform Resource Identifier) https://vivaldi.nlr.ru/bx000018654/view
856 #1 - МЕСТОНАХОЖДЕНИЕ ЭЛЕКТРОННЫХ РЕСУРОВ И ДОСТУП К НИМ
Универсальный идентификатор ресурса (Uniform Resource Identifier) https://vivaldi.nlr.ru/bx000018654/cover
856 #2 - МЕСТОНАХОЖДЕНИЕ ЭЛЕКТРОННЫХ РЕСУРОВ И ДОСТУП К НИМ
Универсальный идентификатор ресурса (Uniform Resource Identifier) https://vivaldi.nlr.ru/bx000018654/text
942 ## - ДОПОЛНИТЕЛЬНЫЕ ЭЛЕМЕНТЫ ЗАПИСИ (АБИС)
Тип экземпляра АБИС Книга
980 ## - КОЛЛЕКЦИЯ
Название коллекции Национальная библиография
980 3# - КОЛЛЕКЦИЯ
Название коллекции КП2020 Первая четверть 19 в.
980 3# - КОЛЛЕКЦИЯ
Название коллекции КП2020 Книжные памятники 2020 г.
980 3# - КОЛЛЕКЦИЯ
Название коллекции Книжные памятники РНБ
980 ## - КОЛЛЕКЦИЯ
Название коллекции Русская книга гражданской печати XVIII в. в библиотеках РФ
981 20 - КОЛЛЕКЦИЯ ЭЛЕКТРОННОЙ БИБЛИОТЕКИ
Название коллекции Книжные памятники РНБ
Название подколлекции Русский книжный фонд

Нет доступных экземпляров.